000 01041nam a2200277 i 4500
001 bg
100 1 _aMykowiecka, Agnieszka.
245 0 _aInżynieria lingwistyczna :
_bkomputerowe przetwarzanie tekstów w języku naturalnym /
_cAgnieszka Mykowiecka.
260 _aWarszawa :
_bWydawnictwo PJWSTK,
_ccop. 2007.
300 _a347 s. ;
_c24 cm.
490 1 _aPodręczniki Akademickie / Polsko-Japońska Wyższa Szkoła Technik Komputerowych ;
_vt. 27
504 _aBibliogr. Indeks.
650 9 _aJęzykoznawstwo matematyczne
650 9 _aPrzetwarzanie danych
655 _aPodręczniki akademickie
830 0 _aPodręczniki Akademickie (Polsko-Japońska Wyższa Szkoła Technik Komputerowych)
_vt. 27
020 _a9788389244543
040 _cBPK
041 0 _apol
044 _apol
080 _a81'32:811.93:004.4](075.8)
920 _a978-83-89244-54-3
942 _cKS
008 s pl f |000 0 pol
999 _c54001
_d54001